| 000 | 00763cam a22002177i 4500 | ||
|---|---|---|---|
| 999 |
_c59811 _d59811 |
||
| 001 | 20884559 | ||
| 003 | Ge_BSU | ||
| 005 | 20230421144530.0 | ||
| 008 | 190311s2018 enka b 001 0 eng d | ||
| 020 | _a9781316610282x | ||
| 041 | _aeng | ||
| 080 | _a316.6 The-44 | ||
| 245 | 0 | 4 |
_aThe Cambridge handbook of sociocultural psychology / _cedited by Alberto Rosa, Jaan Valsiner. |
| 250 | _aSecond edition. | ||
| 264 | 1 |
_aCambridge : _bCambridge University Press, _c2018. |
|
| 300 |
_a671 pages : _billustrations ; _c26 cm. |
||
| 653 | _aსოციოკულტურული ფსიქოლოგია | ||
| 700 | 1 |
_aRosa, Alberto _eრედაქტორი _917729 |
|
| 700 | 1 |
_aValsiner, Jaan, _eრედაქტორი _917730 |
|
| 942 |
_2udc _cBK |
||